The compleat midvvife's practice enlarged. : In the most weighty and high concernments of the birth of man. Containing perfect rules for midwives and nurses, as also for women in their conception, bearing, and nursing of children: from the experience, not onely of our English, but also the most accomplisht and absolute practicers among the French, Spanish, Italian, and other nations. A work so plain, that the weakest capacity may easily attain the knowledge of the whole art. With instructions of the Queen of France's midwife to her daughter, a little before her death, touching the practice of the said art. Published with the approbation and good liking of sundry the most knowing professors of midwifry, now living in the City of London, and other places. Illustrated with severall cuts in brasse.

Bibliographic Details
Main Author: Chamberlayne, Thomas
Other Authors: Boursier, Louise Bourgeois, ca. 1563-1636, Culpeper, Nicholas, 1616-1654
Format: eBook
Language:English
Published: [London] : Printed for Nath. Brooke at the Angel in Cornhill., 1659.
Edition:The second edition corrected, /
Series:Early English books online.
Subjects:
Online Access:Connect to the full text of this electronic book

MARC

Tag First Indicator Second Indicator Subfields
LEADER 00000nam a2200000 4500
001 in00004284539
005 20200813081801.0
006 m g d
007 cr bn |||a|bb|
008 940627s1659 enk o 00| | eng d
035 |a (UnM)99868601 
037 |a CL0051000008  |b ProQuest Information and Learning. 300 N. Zeeb Rd., Ann Arbor, MI 48106 
040 |a Cu-RivES  |c Cu-RivES  |d CStRLIN  |e dcrb  |d WaOLN 
100 1 |a Chamberlayne, Thomas. 
240 1 0 |a Compleat midwifes practice 
245 1 4 |a The compleat midvvife's practice enlarged. :  |b In the most weighty and high concernments of the birth of man. Containing perfect rules for midwives and nurses, as also for women in their conception, bearing, and nursing of children: from the experience, not onely of our English, but also the most accomplisht and absolute practicers among the French, Spanish, Italian, and other nations. A work so plain, that the weakest capacity may easily attain the knowledge of the whole art. With instructions of the Queen of France's midwife to her daughter, a little before her death, touching the practice of the said art. Published with the approbation and good liking of sundry the most knowing professors of midwifry, now living in the City of London, and other places. Illustrated with severall cuts in brasse. 
246 2 |a Compleat midwife's practice enlarged 
250 |a The second edition corrected, /  |b by R.C. I.D. M.S. T.B. practitioners of the said art. With a full supply of those rare secrets which Mr. Culpeper in his brief treatise of midwifry, and other English writers, have kept close to themselves, concealed, or wholly omitted. 
260 |a [London] :  |b Printed for Nath. Brooke at the Angel in Cornhill.,  |c 1659. 
300 |a 1 online resource ([16], 309, [11] pages, [6] plates :  |b portrait. 
336 |a text  |b txt  |2 rdacontent 
337 |a computer  |b c  |2 rdamedia 
338 |a online resource  |b cr  |2 rdacarrier 
500 |a Attributed to Thomas Chamberlayne. 
500 |a An expanded edition of "The compleat midwifes practice" (Wing C1817C), originally published in 1656 and attributed to Thomas Chamberlayne. 
500 |a With engraved frontispiece depicting Louise Bourgeois Boursier, midwife to the Queen of France. 
500 |a Frontis. = plate. 
500 |a "A full supply of such most useful and admirable secrets, which Mr. Nicholas Culpeper, .. in the Art of midwifry, have hitherto wilfully passed by, .. and wholly omitted; .. By T. Chamberlain. M.P." has a separate dated title page; pagination and register are continuous. 
500 |a The final 5 leaves are an advertisement for books sold by Nath. Brooks; register is continuous. 
500 |a Annotation on Thomason copy: "Aug:". 
500 |a Reproduction of the original in the British Library. 
510 4 |a Wing (2nd edition, 1994)  |c C1817D 
510 4 |a Thomason  |c E.1723[1] 
533 |a Electronic reproduction.  |b Ann Arbor, Mich. :  |c UMI,  |d 1999-  |f (Early English books online)  |n Digital version of: (Thomason Tracts ; 214:E1723[1])  |7 s1999 miun s 
650 0 |a Obstetrics  |v Early works to 1800. 
650 0 |a Gynecology  |v Early works to 1800. 
650 0 |a Midwives  |v Early works to 1800. 
650 0 |a Medicine  |v Early works to 1800. 
700 1 |a Boursier, Louise Bourgeois,  |d ca. 1563-1636. 
700 1 |a Culpeper, Nicholas,  |d 1616-1654. 
740 0 2 |a Full supply of such most useful and admirable secrets. 
830 0 |a Early English books online. 
856 4 0 |u http://proxy.library.tamu.edu/login?url=https://search.proquest.com/docview/2248504788  |z Connect to the full text of this electronic book  |t 0 
999 f f |s 57214915-fc8a-3599-a34c-3a696c55fe80  |i 893fbad3-dc81-3fa8-a2e4-23ac4c726799  |t 0 
952 f f |a Texas A&M University  |b College Station  |c Electronic Resources  |d Available Online  |t 0  |h No information provided 
998 f f |t 0  |l Available Online